[Event "Guernsey Open 2013"]
[Site "Guernsey GCI"]
[Date "2013.10.21"]
[Round "2"]
[White "Hebden, Mark"]
[Black "Maloberti, David"]
[Result "1-0"]
[WhiteElo "2548"]
[BlackElo "2059"]
[PlyCount "73"]
[EventDate "2013.10.20"]
[EventType "swiss"]
[EventRounds "7"]

1. d4 Nf6 2. Nf3 g6 3. Nc3 Bg7 4. e4 d6 5. Be3 O-O 6. Qd2 Bg4 7. Ng5 Nc6 8. h3
Bd7 9. d5 Nb4 10. a3 Na6 11. Bxa6 bxa6 12. O-O h6 13. Nf3 Kh7 14. e5 dxe5 15.
Nxe5 Ne8 16. Bd4 Nd6 17. Nxd7 Qxd7 18. Bxg7 Kxg7 19. Rfe1 Nf5 20. Ne4 Qb5 21.
Qc3+ Kg8 22. Nc5 Rad8 23. Rad1 Rfe8 24. Re4 a5 25. Rd3 c6 26. dxc6 Qxc6 27.
Qxa5 Rd5 28. Rxd5 Qxd5 29. c4 Qd1+ 30. Re1 Qd4 31. b3 e5 32. Ne4 Rb8 33. b4 Rd8
34. c5 Nh4 35. Qxa7 Kf8 36. Qb7 f5 37. Nd6 1-0

[Event "Guernsey Open 2013"]
[Site "Guernsey GCI"]
[Date "2013.10.21"]
[Round "2"]
[White "Milnes, Anthony CP"]
[Black "Colin, Vincent"]
[Result "0-1"]
[WhiteElo "2054"]
[BlackElo "2412"]
[PlyCount "78"]
[EventDate "2013.10.20"]
[EventType "swiss"]
[EventRounds "7"]

1. f4 g6 2. Nf3 Bg7 3. Nc3 d5 4. e3 Nh6 5. Be2 O-O 6. d3 c5 7. O-O Nc6 8. e4 d4
9. Na4 b6 10. b3 e5 11. Nxe5 Nxe5 12. fxe5 Bxe5 13. Bf4 Bxf4 14. Rxf4 Qg5 15.
g3 Kg7 16. Nb2 Be6 17. Nc4 Bxc4 18. bxc4 f5 19. Qe1 fxe4 20. Rxe4 Nf5 21. Bf1
Ne3 22. Qe2 Rf7 23. Bg2 Raf8 24. Re1 h5 25. c3 Rf2 26. Qxf2 Rxf2 27. Kxf2 Ng4+
28. Kg1 dxc3 29. R4e2 Qf6 30. Be4 Qd4+ 31. Kg2 Ne5 32. Rc1 Nxd3 33. Bxd3 Qxd3
34. Rec2 Qxc4 35. a3 Qe4+ 36. Kg1 b5 37. Rxc3 b4 38. Rxc5 b3 39. R1c4 b2 0-1

[Event "Guernsey Open 2013"]
[Site "Guernsey GCI"]
[Date "2013.10.21"]
[Round "2"]
[White "Houska, Jovanka"]
[Black "Hewson, Brian WR"]
[Result "1-0"]
[WhiteElo "2401"]
[BlackElo "2034"]
[PlyCount "69"]
[EventDate "2013.10.20"]
[EventType "swiss"]
[EventRounds "7"]

1. d4 d5 2. Nf3 Nf6 3. c4 c6 4. e3 Bf5 5. Nc3 e6 6. Nh4 Bg4 7. Qb3 Qb6 8. h3
Bh5 9. g4 Bg6 10. Nxg6 hxg6 11. Bg2 Qxb3 12. axb3 Na6 13. Bd2 Nb4 14. Ke2 Be7
15. f4 Kd7 16. Ra4 Na6 17. Rha1 Ne8 18. e4 dxe4 19. Nxe4 f5 20. gxf5 gxf5 21.
Ng5 Nec7 22. Nf7 Rhe8 23. Ne5+ Kd8 24. b4 Bf6 25. b5 Bxe5 26. fxe5 Nb8 27. Rxa7
Rxa7 28. Rxa7 Kc8 29. b6 Nca6 30. b4 Nd7 31. b5 Nab8 32. bxc6 Nxb6 33. c7 Nc6
34. Bxc6 bxc6 35. c5 1-0

[Event "Guernsey Open 2013"]
[Site "Guernsey GCI"]
[Date "2013.10.21"]
[Round "2"]
[White "Goris, Ton"]
[Black "Adrian, Claude"]
[Result "0-1"]
[WhiteElo "2031"]
[BlackElo "2238"]
[PlyCount "54"]
[EventDate "2013.10.20"]
[EventType "swiss"]
[EventRounds "7"]

1. e4 e6 2. d4 d5 3. e5 c5 4. c3 Nc6 5. Nf3 Nge7 6. a3 Bd7 7. b4 cxd4 8. cxd4
Nf5 9. Bb2 b5 10. Bd3 a5 11. bxa5 Nxa5 12. Nbd2 Be7 13. O-O O-O 14. Qe2 Nc4 15.
Nxc4 bxc4 16. Bxf5 exf5 17. Rfc1 Qb6 18. Rc3 Rfb8 19. Bc1 Qa5 20. Bb2 Rb6 21.
g3 Rab8 22. Rc2 Rb3 23. Kg2 f4 24. Bc1 Bg4 25. Bd2 Bb4 26. Bxb4 R8xb4 27. axb4
Qxa1 0-1

[Event "Guernsey Open 2013"]
[Site "Guernsey GCI"]
[Date "2013.10.21"]
[Round "2"]
[White "Prakken, Gerrit"]
[Black "Bolt, Graham"]
[Result "1/2-1/2"]
[WhiteElo "2195"]
[BlackElo "2026"]
[PlyCount "102"]
[EventDate "2013.10.20"]
[EventType "swiss"]
[EventRounds "7"]

1. Nf3 g6 2. d4 Bg7 3. c4 d6 4. Nc3 c5 5. d5 Nf6 6. e4 Na6 7. h3 Nc7 8. Bd3 a6
9. a4 b6 10. O-O O-O 11. Re1 e5 12. dxe6 Nxe6 13. Bf1 Bb7 14. Qd3 Re8 15. Bd2
Bc6 16. b3 h6 17. Rad1 Nc7 18. Bf4 Bf8 19. Bxd6 Bxd6 20. Qxd6 Qxd6 21. Rxd6 Re6
22. Rxe6 Nxe6 23. Nd5 Kg7 24. Bd3 Rb8 25. Ne5 Be8 26. Nf3 b5 27. cxb5 axb5 28.
a5 Ra8 29. Ra1 Nxd5 30. exd5 Ng5 31. Bc2 f5 32. d6 Kf6 33. b4 cxb4 34. Bb3 Ra6
35. Re1 Bd7 36. Ne5 Rxd6 37. Nxd7+ Rxd7 38. a6 Ra7 39. g3 Nxh3+ 40. Kg2 Ng5 41.
Ra1 Ne6 42. Ra5 Nc5 43. Bd5 Rxa6 44. Rxb5 Nd3 45. Bc4 Rd6 46. Bxd3 Rxd3 47.
Rxb4 Kg5 48. Rc4 Rd2 49. Kf3 Ra2 50. Rb4 h5 51. Rc4 Ra8 1/2-1/2

[Event "Guernsey Open 2013"]
[Site "Guernsey GCI"]
[Date "2013.10.21"]
[Round "2"]
[White "Campbell, Ian"]
[Black "Norman, Kenneth I"]
[Result "0-1"]
[WhiteElo "2004"]
[BlackElo "2185"]
[PlyCount "68"]
[EventDate "2013.10.20"]
[EventType "swiss"]
[EventRounds "7"]

1. d4 Nf6 2. Nf3 g6 3. g3 Bg7 4. Bg2 O-O 5. O-O d5 6. Nbd2 c6 7. b3 a5 8. a3
Bf5 9. Bb2 Ne4 10. Nh4 Nxd2 11. Qxd2 Be6 12. Nf3 Nd7 13. Ng5 Bf5 14. e4 dxe4
15. Nxe4 a4 16. Rfe1 Bxe4 17. Bxe4 axb3 18. cxb3 Nc5 19. Qe3 Nxe4 20. Qxe4 e6
21. Re2 Qb6 22. b4 Rad8 23. Rd1 Rd5 24. Red2 Rfd8 25. f4 R8d7 26. Kf2 Qd8 27.
Rd3 b6 28. Ke2 c5 29. bxc5 bxc5 30. dxc5 Bxb2 31. c6 R7d6 32. Rxd5 exd5 33. Qb4
Bf6 34. Qb7 Qe8+ 0-1

[Event "Guernsey Open 2013"]
[Site "Guernsey GCI"]
[Date "2013.10.21"]
[Round "2"]
[White "Jackson, Oliver"]
[Black "Hoare, Amy"]
[Result "1-0"]
[WhiteElo "2157"]
[BlackElo "1930"]
[PlyCount "129"]
[EventDate "2013.10.20"]
[EventType "swiss"]
[EventRounds "7"]

1. e4 e5 2. Nc3 Nf6 3. f4 d5 4. fxe5 Nxe4 5. Qf3 Nxc3 6. dxc3 Qh4+ 7. g3 Qe4+
8. Qxe4 dxe4 9. Bg2 Nc6 10. Bf4 Bf5 11. O-O-O Be7 12. h4 h6 13. Re1 O-O-O 14.
Bxe4 Bxe4 15. Rxe4 g5 16. Bd2 f5 17. Re1 Rhg8 18. Nf3 g4 19. Nd4 Nxd4 20. cxd4
Rxd4 21. Bxh6 Rh8 22. Bd2 Ra4 23. a3 Rh5 24. Rhf1 Ra6 25. Rf4 Kd7 26. Rc4 Re6
27. Bf4 a6 28. a4 b5 29. Rd1+ Kc8 30. axb5 axb5 31. Rcd4 Kb7 32. c3 Kc6 33. Kc2
Kb7 34. Kb3 Rh8 35. Rh1 Rh5 36. Ra1 Rh8 37. Rd5 Kc6 38. c4 bxc4+ 39. Kxc4 Rb8
40. Ra6+ Rb6 41. Rxb6+ cxb6 42. h5 Kc7 43. h6 Bf8 44. Rd6 Bxd6 45. exd6+ Kc6
46. h7 Re8 47. Be5 Rxe5 48. h8=Q Rc5+ 49. Kd4 Rd5+ 50. Ke3 Kxd6 51. b4 b5 52.
Kf4 Ke6 53. Qg8+ Kd6 54. Qg6+ Kd7 55. Qf6 Kc7 56. Qe6 Rd4+ 57. Kxf5 Rc4 58. Qd5
Kb6 59. Qd6+ Kb7 60. Ke5 Ka7 61. Kd5 Kb7 62. Qd8 Rc7 63. Qe8 Kb6 64. Qe6+ Kb7
65. Qxg4 1-0

[Event "Guernsey Open 2013"]
[Site "Guernsey GCI"]
[Date "2013.10.21"]
[Round "2"]
[White "De Kruif, Kees"]
[Black "Hagesaether, Arne"]
[Result "0-1"]
[WhiteElo "1930"]
[BlackElo "2140"]
[PlyCount "84"]
[EventDate "2013.10.20"]
[EventType "swiss"]
[EventRounds "7"]

1. c4 Nf6 2. g3 g6 3. Bg2 Bg7 4. Nc3 O-O 5. d3 c6 6. e4 e5 7. Nge2 d6 8. O-O
Be6 9. Bg5 Nbd7 10. Qd2 a6 11. a4 Nc5 12. Ra3 a5 13. h3 h6 14. Be3 b6 15. Rb1
Kh7 16. b4 axb4 17. Rxb4 Nfd7 18. Rb1 Ra6 19. Kh2 Qa8 20. Rba1 Rb8 21. Nc1 b5
22. cxb5 cxb5 23. Nd5 Bxd5 24. exd5 b4 25. R3a2 b3 26. Rb2 Rxa4 27. Rxa4 Qxa4
28. h4 h5 29. Bf1 f5 30. Rb1 Rb4 31. f4 exf4 32. Bxf4 Ne5 33. Kh3 Bf6 34. Bg2
Rd4 35. Bf1 Bxh4 36. Nxb3 Nxb3 37. Qc2 Rxf4 38. Rxb3 Bxg3 39. Rb7+ Kh6 40. Qc1
Bh4 41. Be2 Qd4 42. Qc7 Qe3+ 0-1

[Event "Guernsey Open 2013"]
[Site "Guernsey GCI"]
[Date "2013.10.21"]
[Round "2"]
[White "Purdon, Colin"]
[Black "Sikkel, Dirk"]
[Result "1-0"]
[WhiteElo "2132"]
[BlackElo "1923"]
[PlyCount "67"]
[EventDate "2013.10.20"]
[EventType "swiss"]
[EventRounds "7"]

1. d4 g6 2. c4 Bg7 3. e4 d6 4. Nc3 c6 5. Nf3 Bg4 6. Be3 Bxf3 7. gxf3 Nd7 8. Be2
Qc7 9. Qd2 e6 10. f4 Ne7 11. O-O O-O 12. Kh1 d5 13. f3 Rfd8 14. cxd5 exd5 15.
f5 gxf5 16. e5 Kh8 17. Rg1 Ng6 18. Bd3 Ndf8 19. Bxf5 c5 20. f4 cxd4 21. Bxd4
Ne6 22. Bxe6 fxe6 23. Nb5 Qe7 24. Nd6 Rf8 25. Rg4 Bh6 26. Be3 Nh4 27. Qf2 Ng6
28. Qg3 d4 29. Bxd4 Bxf4 30. Qc3 Bh6 31. Qh3 Kg7 32. Rag1 Qd7 33. Qg2 b6 34.
Rxg6+ 1-0

[Event "Guernsey Open 2013"]
[Site "Guernsey GCI"]
[Date "2013.10.21"]
[Round "2"]
[White "Magnussen, Pal"]
[Black "Hamperl, Fred A"]
[Result "1-0"]
[WhiteElo "1926"]
[BlackElo "2129"]
[PlyCount "83"]
[EventDate "2013.10.20"]
[EventType "swiss"]
[EventRounds "7"]

1. e4 c5 2. c3 e6 3. d3 Nc6 4. Nf3 d5 5. Nbd2 Bd6 6. g3 Nge7 7. Bg2 O-O 8. O-O
Rb8 9. Qe2 f6 10. exd5 exd5 11. c4 Re8 12. Re1 Bd7 13. Qf1 b6 14. cxd5 Nxd5 15.
Nc4 Bc7 16. Bd2 Ncb4 17. Ne3 Be6 18. Bxb4 Nxb4 19. Rad1 Bxa2 20. d4 Bb3 21.
dxc5 Qc8 22. cxb6 Bxb6 23. Rc1 Qd7 24. Rc3 Qf7 25. Rec1 Na2 26. Rxb3 Qxb3 27.
Nd2 Qb4 28. Bd5+ Kh8 29. Rc2 Rxe3 30. fxe3 Bxe3+ 31. Kh1 Bxd2 32. Qf5 Rf8 33.
Bxa2 Be3 34. Re2 Qd4 35. Kg2 g6 36. Qe6 Bh6 37. Bc4 a5 38. b3 Rd8 39. Qf7 Rf8
40. Re8 Qd2+ 41. Kh3 Qd6 42. Qg8+ 1-0

[Event "Guernsey Open 2013"]
[Site "Guernsey GCI"]
[Date "2013.10.21"]
[Round "2"]
[White "Lenier, Jude"]
[Black "Kirk, Matthew"]
[Result "1-0"]
[WhiteElo "2121"]
[BlackElo "1740"]
[PlyCount "51"]
[EventDate "2013.10.20"]
[EventType "swiss"]
[EventRounds "7"]

1. e4 c6 2. d4 d5 3. f3 e6 4. Nc3 Bb4 5. Nge2 Ne7 6. a3 Ba5 7. Be3 Nd7 8. Ng3
O-O 9. Bd3 dxe4 10. fxe4 Nf6 11. Qf3 Bxc3+ 12. bxc3 Qa5 13. O-O Ng6 14. c4 e5
15. Nf5 exd4 16. Bxd4 Bxf5 17. exf5 Ne5 18. Qg3 Rfe8 19. Rae1 Ned7 20. c5 b6
21. cxb6 c5 22. Bxf6 Nxf6 23. b7 Qd8 24. Rxe8+ Qxe8 25. bxa8=Q Qxa8 26. Rb1 1-0

[Event "Guernsey Open 2013"]
[Site "Guernsey GCI"]
[Date "2013.10.21"]
[Round "2"]
[White "Dilleigh, Steve"]
[Black "Gravett, Alan D"]
[Result "1-0"]
[WhiteElo "2135"]
[BlackElo "1868"]
[PlyCount "53"]
[EventDate "2013.10.20"]
[EventType "swiss"]
[EventRounds "7"]

1. d4 Nf6 2. c4 e6 3. Nc3 Bb4 4. e3 b6 5. Nge2 Ba6 6. Ng3 Bb7 7. Bd3 h5 8. f3
h4 9. Nf1 h3 10. g3 c5 11. a3 cxd4 12. axb4 dxc3 13. bxc3 Nc6 14. e4 Ne5 15.
Bf4 Nxd3+ 16. Qxd3 d5 17. cxd5 exd5 18. e5 Qe7 19. Ne3 Nh5 20. Nf5 Nxf4 21.
Qb5+ Qd7 22. Nd6+ Kd8 23. Qxd7+ Kxd7 24. gxf4 Kc7 25. Rg1 g6 26. Nxf7 Rhf8 27.
Nd6 1-0

[Event "Guernsey Open 2013"]
[Site "Guernsey GCI"]
[Date "2013.10.21"]
[Round "2"]
[White "Minnican, Alan"]
[Black "Rowe, Peter"]
[Result "1/2-1/2"]
[WhiteElo "2135"]
[BlackElo "1971"]
[PlyCount "64"]
[EventDate "2013.10.20"]
[EventType "swiss"]
[EventRounds "7"]

1. Nf3 g6 2. e4 Bg7 3. d4 d6 4. Nc3 Nd7 5. Be3 Ngf6 6. h3 e5 7. Qd2 O-O 8.
O-O-O a6 9. Bh6 exd4 10. Nxd4 Nc5 11. Bxg7 Kxg7 12. f3 Qe7 13. g4 Re8 14. h4 h5
15. g5 Ng8 16. Nd5 Qd8 17. Qc3 Kh7 18. Bd3 c6 19. Nf4 Qe7 20. Bc4 Ne6 21. Ndxe6
Bxe6 22. Bxe6 fxe6 23. e5 d5 24. Qd3 Qf7 25. Nxh5 Qf5 26. Nf6+ Nxf6 27. gxf6
Qxe5 28. h5 Qxf6 29. hxg6+ Kg8 30. g7 Kf7 31. Rdg1 Rg8 32. Rh7 Qf5 1/2-1/2

[Event "Guernsey Open 2013"]
[Site "Guernsey GCI"]
[Date "2013.10.21"]
[Round "2"]
[White "Fassaert, Desire JM"]
[Black "Reijneveld, Ad"]
[Result "1/2-1/2"]
[WhiteElo "1919"]
[BlackElo "2135"]
[PlyCount "35"]
[EventDate "2013.10.20"]
[EventType "swiss"]
[EventRounds "7"]

1. Nf3 Nf6 2. c4 c5 3. Nc3 Nc6 4. d4 cxd4 5. Nxd4 g6 6. e4 Nxd4 7. Qxd4 d6 8.
Bg5 Bg7 9. Be2 O-O 10. Qd2 Be6 11. f3 Qa5 12. Nd5 Qxd2+ 13. Kxd2 Bxd5 14. cxd5
h6 15. Be3 Nd7 16. Rac1 Rfc8 17. Rxc8+ Rxc8 18. Rc1 1/2-1/2

[Event "Guernsey Open 2013"]
[Site "Guernsey GCI"]
[Date "2013.10.21"]
[Round "2"]
[White "Canonne, Antoine"]
[Black "Collier, David"]
[Result "1/2-1/2"]
[WhiteElo "1970"]
[BlackElo "2074"]
[PlyCount "45"]
[EventDate "2013.10.20"]
[EventType "swiss"]
[EventRounds "7"]

1. e4 c5 2. Nc3 e6 3. f4 d5 4. Bb5+ Bd7 5. Bxd7+ Qxd7 6. d3 d4 7. Nce2 Nc6 8.
Nf3 Nf6 9. h3 Be7 10. Bd2 Rd8 11. O-O O-O 12. Qe1 g6 13. Ng3 Ne8 14. f5 Ng7 15.
Bh6 Rfe8 16. fxg6 fxg6 17. Bf4 Rf8 18. Qd2 Rf7 19. Ne5 Nxe5 20. Bxe5 Rdf8 21.
Rxf7 Rxf7 22. Rf1 Rxf1+ 23. Kxf1 1/2-1/2

[Event "Guernsey Open 2013"]
[Site "Guernsey GCI"]
[Date "2013.10.21"]
[Round "2"]
[White "Ippel, Cornelius J"]
[Black "Schmitz, Andreas Arnold"]
[Result "0-1"]
[WhiteElo "1916"]
[BlackElo "2049"]
[PlyCount "64"]
[EventDate "2013.10.20"]
[EventType "swiss"]
[EventRounds "7"]

1. Nc3 d5 2. e4 d4 3. Nce2 e5 4. Nf3 Bd6 5. Ng3 c5 6. Bc4 Nc6 7. d3 b5 8. Bd5
Nge7 9. Bxf7+ Kxf7 10. Ng5+ Ke8 11. Qf3 Rf8 12. Qh5+ g6 13. Qxh7 Nb4 14. O-O
Nxc2 15. Rb1 Nb4 16. Nf3 Nxd3 17. Bg5 Kd7 18. Nh4 Rh8 19. Qf7 Qg8 20. Qf3 c4
21. Qd1 Kc7 22. b3 Rxh4 23. bxc4 bxc4 24. Qa4 Nc5 25. Qa5+ Kd7 26. Rb5 Nc6 27.
Qd2 Rg4 28. f3 c3 29. Qc1 Rxg3 30. hxg3 Ba6 31. Rb1 Bxf1 32. Kxf1 Qxa2 0-1

[Event "Guernsey Open 2013"]
[Site "Guernsey GCI"]
[Date "2013.10.21"]
[Round "2"]
[White "Riedener, Toni"]
[Black "Lewicki, Pawel"]
[Result "1-0"]
[WhiteElo "2045"]
[BlackElo "1875"]
[PlyCount "135"]
[EventDate "2013.10.20"]
[EventType "swiss"]
[EventRounds "7"]

1. d4 d5 2. c4 e6 3. Nc3 Nf6 4. cxd5 exd5 5. Bg5 Be7 6. e3 O-O 7. Bd3 Bg4 8.
Qc2 Nbd7 9. Nge2 Rc8 10. O-O c5 11. h3 Bxe2 12. Qxe2 cxd4 13. exd4 Re8 14. Qf3
Nf8 15. Bb5 N6d7 16. Bxe7 Rxe7 17. Nxd5 Re6 18. Rfe1 Nb6 19. Rxe6 Nxe6 20. Nxb6
Nxd4 21. Qxb7 Rb8 22. Qd5 Qxd5 23. Nxd5 Rxb5 24. Nc3 Rxb2 25. Rd1 Ne6 26. a4 g6
27. Rd7 Rc2 28. Nd5 a5 29. Ra7 Rc5 30. Nf6+ Kg7 31. Ne8+ Kg8 32. Nf6+ Kg7 33.
Ne8+ Kg8 34. Nd6 Nc7 35. Kh2 Kf8 36. Nb7 Rc4 37. Rxa5 Ke7 38. Rc5 Rxc5 39. Nxc5
f5 40. Kg3 Kd6 41. Nd3 Nd5 42. h4 h6 43. Nf4 Ne7 44. h5 g5 45. Ng6 Nd5 46. Nh8
Ke6 47. a5 Nb4 48. Kf3 g4+ 49. Ke3 Kf6 50. Ng6 Kg5 51. Nf4 Nc6 52. a6 Kf6 53.
g3 Ke5 54. Nd3+ Kf6 55. Kf4 Ke6 56. Nc5+ Kf6 57. Nd3 Nd4 58. a7 Ne6+ 59. Ke3
Nc7 60. Nf4 Ke5 61. Kd3 Na8 62. Ng6+ Kd5 63. Ke3 Kd6 64. Kd4 Nb6 65. Nh4 Ke6
66. Kc5 Nd7+ 67. Kc6 Ne5+ 68. Kc7 1-0

[Event "Guernsey Open 2013"]
[Site "Guernsey GCI"]
[Date "2013.10.21"]
[Round "2"]
[White "Murray, Steve"]
[Black "Spanton, Timothy"]
[Result "0-1"]
[WhiteElo "1844"]
[BlackElo "2030"]
[PlyCount "66"]
[EventDate "2013.10.20"]
[EventType "swiss"]
[EventRounds "7"]

1. e4 c5 2. Nf3 g6 3. d4 cxd4 4. Qxd4 Nf6 5. e5 Nc6 6. Qa4 Nd5 7. Qe4 Nb6 8.
Nc3 d5 9. exd6 Bf5 10. Qe3 Qxd6 11. Nb5 Qd8 12. c3 Bg7 13. Be2 O-O 14. O-O Nd5
15. Qd2 Nf6 16. Qxd8 Rfxd8 17. Nbd4 Be4 18. Nxc6 Bxc6 19. Bg5 h6 20. Be3 Nd5
21. Bd4 Nf4 22. Bd1 Bxd4 23. Nxd4 Bxg2 24. Re1 e6 25. Bf3 Bxf3 26. Nxf3 Rd5 27.
Rad1 Rad8 28. Rd4 Rxd4 29. Nxd4 Rd5 30. Re3 e5 31. Nf3 f6 32. Kf1 Kf7 33. Ne1
Rd2 0-1

[Event "Guernsey Open 2013"]
[Site "Guernsey GCI"]
[Date "2013.10.21"]
[Round "2"]
[White "Dennis, Nigel"]
[Black "Kraft, Karl H"]
[Result "0-1"]
[WhiteElo "1845"]
[BlackElo "2023"]
[PlyCount "86"]
[EventDate "2013.10.20"]
[EventType "swiss"]
[EventRounds "7"]

1. e4 e6 2. d4 d5 3. Nc3 Bb4 4. e5 Qd7 5. f4 b6 6. Nf3 Nh6 7. Bd2 a5 8. a3 Be7
9. Be3 Nf5 10. Bf2 h5 11. Qd2 Ba6 12. Bxa6 Nxa6 13. Qd3 c5 14. Qb5 Qxb5 15.
Nxb5 Kd7 16. c3 a4 17. c4 dxc4 18. dxc5 Nxc5 19. Bxc5 Bxc5 20. O-O-O+ Kc6 21.
Nfd4+ Nxd4 22. Nxd4+ Kb7 23. Kc2 Rhd8 24. Nb5 Kc6 25. Nc3 b5 26. g3 Be7 27. Ne4
Rd5 28. Nc3 Rxd1 29. Rxd1 Rd8 30. Rxd8 Bxd8 31. Ne4 Be7 32. h3 f6 33. exf6 Bxf6
34. Nxf6 gxf6 35. g4 hxg4 36. hxg4 Kd5 37. Kc3 Ke4 38. g5 fxg5 39. fxg5 Kf5 40.
Kd4 Kxg5 41. Ke5 b4 42. Kd4 c3 43. bxc3 bxa3 0-1

[Event "Guernsey Open 2013"]
[Site "Guernsey GCI"]
[Date "2013.10.21"]
[Round "2"]
[White "Morcom, Huw"]
[Black "Wismayer, Clive R"]
[Result "0-1"]
[WhiteElo "1976"]
[BlackElo "2110"]
[PlyCount "56"]
[EventDate "2013.10.20"]
[EventType "swiss"]
[EventRounds "7"]

1. e4 e6 2. d3 d5 3. Nd2 Nf6 4. Ngf3 Nc6 5. Be2 Bd6 6. O-O O-O 7. Re1 Re8 8.
Bf1 e5 9. h3 b6 10. c3 a5 11. a4 h6 12. Nh2 Ne7 13. Ndf3 Ng6 14. g4 Bb7 15. Qc2
Nh7 16. Bg2 dxe4 17. dxe4 Bc5 18. Be3 Bxe3 19. Rxe3 Nf4 20. Bf1 Qe7 21. Ne1
Rad8 22. Rd1 Rxd1 23. Qxd1 Rd8 24. Qc2 Rd6 25. Ng2 Ng5 26. Ne1 Qd8 27. h4 Rd2
28. Qb1 Ngh3+ 0-1

[Event "Guernsey Open 2013"]
[Site "Guernsey GCI"]
[Date "2013.10.21"]
[Round "2"]
[White "Heppell, Ian N"]
[Black "Von Saldern, Ruediger"]
[Result "1/2-1/2"]
[WhiteElo "2106"]
[BlackElo "1962"]
[PlyCount "92"]
[EventDate "2013.10.20"]
[EventType "swiss"]
[EventRounds "7"]

1. e4 e5 2. Nf3 Nc6 3. d4 exd4 4. c3 d3 5. Bxd3 Bc5 6. O-O d6 7. b4 Bb6 8. Nbd2
Nf6 9. a4 a6 10. Nc4 Ba7 11. Be3 Bxe3 12. Nxe3 O-O 13. Re1 Ng4 14. Nd5 Nce5 15.
Nxe5 Nxe5 16. f3 Bd7 17. Bf1 Kh8 18. Qd4 f5 19. exf5 Bxf5 20. Kh1 Bg6 21. a5 c6
22. Nf4 Qf6 23. Nxg6+ hxg6 24. Rad1 Rad8 25. c4 Rfe8 26. Bd3 d5 27. cxd5 Rxd5
28. Qe4 Red8 29. Be2 g5 30. Rxd5 Rxd5 31. Bc4 Nxc4 32. Qxc4 Qe5 33. Qc1 Qf5 34.
h3 Kh7 35. Qe3 Rb5 36. Qe8 Qg6 37. Qe7 Qf6 38. Qe8 Rxb4 39. Qh5+ Qh6 40. Qf7
Qg6 41. Qe7 Rb1 42. Rxb1 Qxb1+ 43. Kh2 Qb5 44. Qe4+ Kh6 45. Qe6+ g6 46. Qf6 Kh7
1/2-1/2

[Event "Guernsey Open 2013"]
[Site "Guernsey GCI"]
[Date "2013.10.21"]
[Round "2"]
[White "Bakker, Joop"]
[Black "Wager, John"]
[Result "0-1"]
[WhiteElo "1971"]
[BlackElo "2105"]
[PlyCount "50"]
[EventDate "2013.10.20"]
[EventType "swiss"]
[EventRounds "7"]

1. b3 d5 2. Bb2 Bg4 3. f3 Bh5 4. e4 dxe4 5. Qe2 c6 6. Nc3 exf3 7. Nxf3 Nf6 8.
O-O-O Nbd7 9. h3 e6 10. g4 Bg6 11. Bg2 Qa5 12. h4 h5 13. g5 Ng4 14. Rhe1 Ba3
15. Nd4 Nde5 16. Be4 Bxe4 17. Qxe4 O-O-O 18. Rf1 Bxb2+ 19. Kxb2 Qb4 20. a3 Qxd4
21. Qg2 Rd7 22. Ka2 Rhd8 23. Ne2 Qc5 24. Nc3 Ne3 25. Kb1 Rxd2 0-1

[Event "Guernsey Open 2013"]
[Site "Guernsey GCI"]
[Date "2013.10.21"]
[Round "2"]
[White "Taylor, Mark V"]
[Black "Klein, Gernot"]
[Result "1-0"]
[WhiteElo "2087"]
[BlackElo "1942"]
[PlyCount "99"]
[EventDate "2013.10.20"]
[EventType "swiss"]
[EventRounds "7"]

1. d4 d5 2. c4 e6 3. Nc3 c6 4. e4 dxe4 5. Nxe4 Bb4+ 6. Bd2 Qxd4 7. Bxb4 Qxe4+
8. Be2 Qxg2 9. Qd2 Nd7 10. O-O-O Qxh1 11. Nf3 Qxd1+ 12. Bxd1 c5 13. Bc3 Ngf6
14. Qg5 Rg8 15. Ne5 h6 16. Qe3 Nxe5 17. Qxe5 Nd7 18. Qd6 Nb6 19. Bf3 Bd7 20.
Bxb7 Rd8 21. Qxc5 Na4 22. Qe3 Nxc3 23. Qxc3 Rb8 24. Bf3 f6 25. Qa5 Rc8 26. b3
g6 27. Qxa7 Rg7 28. Bb7 Rd8 29. c5 e5 30. Qb6 Bf5 31. c6 Rb8 32. c7 Rxc7+ 33.
Qxc7 Rd8 34. Bc6+ Bd7 35. Qd6 Bxc6 36. Qe6+ Kf8 37. Qxf6+ Ke8 38. Qxc6+ Ke7 39.
Qc7+ Rd7 40. Qxe5+ Kf7 41. a4 Re7 42. Qxe7+ Kxe7 43. a5 Kd6 44. a6 Kc6 45. b4
h5 46. b5+ Kb6 47. Kd2 g5 48. Ke3 Kc7 49. Ke4 g4 50. Kf4 1-0

[Event "Guernsey Open 2013"]
[Site "Guernsey GCI"]
[Date "2013.10.21"]
[Round "2"]
[White "Downey, Keith"]
[Black "Thurlow, Kevin J"]
[Result "1-0"]
[WhiteElo "1950"]
[BlackElo "2016"]
[PlyCount "135"]
[EventDate "2013.10.20"]
[EventType "swiss"]
[EventRounds "7"]

1. Nf3 Nf6 2. c4 e6 3. d4 b6 4. g3 Bb7 5. Bg2 d5 6. cxd5 exd5 7. O-O Bd6 8. Nc3
c6 9. b3 O-O 10. Bb2 Nbd7 11. Rc1 Rc8 12. e3 Qe7 13. Qe2 Ne4 14. Nxe4 dxe4 15.
Nd2 f5 16. Rfd1 Nf6 17. Nc4 Ba6 18. Qc2 Nd5 19. a3 g5 20. Bf1 Bb7 21. Nxd6 Qxd6
22. Qe2 Qg6 23. Bg2 Rfe8 24. Kh1 Rc7 25. b4 b5 26. Re1 Rce7 27. Bc3 Kf8 28. Bd2
Bc8 29. Rf1 Bd7 30. Rfe1 h5 31. f3 Nf6 32. f4 gxf4 33. gxf4 Rg7 34. Rg1 Qh6 35.
Be1 h4 36. Bh3 Rxg1+ 37. Kxg1 Ng4 38. Kh1 Re7 39. Rc5 Rg7 40. d5 cxd5 41. Rxd5
Qe6 42. Rc5 Qb3 43. Rc3 Qb1 44. Qd2 Ke8 45. Bf1 Nf6 46. Be2 Nd5 47. Rc1 Qb3 48.
Bh5+ Kf8 49. Be2 Qxe3 50. Qxe3 Nxe3 51. Bxh4 a6 52. Rc5 Rg6 53. Rc7 Rd6 54. Bf2
Rd2 55. Bxe3 Rxe2 56. Bc5+ Ke8 57. Ra7 Bc8 58. h4 Ra2 59. h5 Rxa3 60. Kg2 Ra2+
61. Kg3 Ra3+ 62. Kh4 Ra1 63. Kg5 Rh1 64. h6 Rh3 65. Re7+ Kd8 66. h7 Bd7 67. Rg7
Be8 68. Kxf5 1-0

[Event "Guernsey Open 2013"]
[Site "Guernsey GCI"]
[Date "2013.10.21"]
[Round "2"]
[White "Burton, Ronnie"]
[Black "Marley, Andrew"]
[Result "0-1"]
[WhiteElo "1993"]
[BlackElo "1905"]
[PlyCount "82"]
[EventDate "2013.10.20"]
[EventType "swiss"]
[EventRounds "7"]

1. e4 c5 2. c3 d5 3. exd5 Qxd5 4. d4 e6 5. Nf3 Nf6 6. Be2 Nc6 7. O-O Be7 8. Be3
cxd4 9. cxd4 O-O 10. Nc3 Qd6 11. a3 Rd8 12. Bd3 Ng4 13. h3 Nxe3 14. fxe3 Bd7
15. Ne4 Qd5 16. Qe2 Be8 17. Rad1 Rac8 18. b4 b6 19. Kh1 Nb8 20. Qb2 Nd7 21. Nf2
Nf6 22. e4 Qb7 23. e5 Nd5 24. Be4 Bb5 25. Rfe1 Qd7 26. Rc1 a5 27. bxa5 bxa5 28.
Rxc8 Rxc8 29. Rc1 Rxc1+ 30. Qxc1 Qc6 31. Qb2 g6 32. Nd3 Bxd3 33. Bxd3 Qc3 34.
Qxc3 Nxc3 35. Nd2 Bxa3 36. Nb1 Bb2 37. Nd2 a4 38. Bc4 Nd5 39. Nf3 a3 40. Kg1
Nb4 41. Kf2 a2 0-1

[Event "Guernsey Open 2013"]
[Site "Guernsey GCI"]
[Date "2013.10.21"]
[Round "2"]
[White "Schmitz, Manuela"]
[Black "Joualt, Louis"]
[Result "1/2-1/2"]
[WhiteElo "2002"]
[BlackElo "1917"]
[PlyCount "47"]
[EventDate "2013.10.20"]
[EventType "swiss"]
[EventRounds "7"]

1. d4 Nf6 2. Nf3 c6 3. c4 d5 4. Nc3 dxc4 5. a4 Bf5 6. e3 Nbd7 7. Bxc4 e6 8. O-O
Bd6 9. Re1 Ne4 10. Nxe4 Bxe4 11. Nd2 Bg6 12. e4 O-O 13. e5 Bb4 14. Qb3 a5 15.
Rd1 Nb6 16. Nf3 Nxc4 17. Qxc4 Qd5 18. Qxd5 cxd5 19. Bd2 Bxd2 20. Nxd2 Rfc8 21.
Rdc1 b6 22. Kf1 Rc2 23. Rxc2 Bxc2 24. Ke1 1/2-1/2

[Event "Guernsey Open 2013"]
[Site "Guernsey GCI"]
[Date "2013.10.21"]
[Round "2"]
[White "Goris Schouwstra, Adry"]
[Black "Hermes, Geoff"]
[Result "0-1"]
[WhiteElo "1903"]
[BlackElo "1995"]
[PlyCount "56"]
[EventDate "2013.10.20"]
[EventType "swiss"]
[EventRounds "7"]

1. d4 d6 2. Nf3 Bg4 3. Nbd2 Nf6 4. e3 Nbd7 5. Be2 e5 6. h3 Bh5 7. O-O Be7 8. c3
c6 9. Re1 e4 10. Nh2 Bxe2 11. Qxe2 d5 12. f3 Qc7 13. fxe4 dxe4 14. Ndf1 Bd6 15.
Bd2 h5 16. c4 g5 17. c5 Bxh2+ 18. Nxh2 g4 19. b4 gxh3 20. gxh3 O-O-O 21. Kh1
Qg3 22. Qg2 Rdg8 23. Rg1 h4 24. Nf1 Qf3 25. Qxf3 exf3 26. Rxg8+ Rxg8 27. Be1
Ne4 28. Nd2 f2 0-1